ORGANIZATIONAL BEHAVIOR (Record no. 56172)
[ view plain ]
| 000 -LEADER | |
|---|---|
| fixed length control field | 00401nam a22001577a 4500 |
| 003 - CONTROL NUMBER IDENTIFIER | |
| control field | OSt |
| 005 - DATE AND TIME OF LATEST TRANSACTION | |
| control field | 20231212070230.0 |
| 008 - FIXED-LENGTH DATA ELEMENTS--GENERAL INFORMATION | |
| fixed length control field | 221212b xxu||||| |||| 00| 0 eng d |
| 020 ## - INTERNATIONAL STANDARD BOOK NUMBER | |
| International Standard Book Number | 978-93-560-6427-0 |
| 040 ## - CATALOGING SOURCE | |
| Transcribing agency | IIMT UNIVERSITY MEERUT |
| 100 ## - MAIN ENTRY--PERSONAL NAME | |
| Personal name | ROBBINS, STEPHEN P. |
| 245 ## - TITLE STATEMENT | |
| Title | ORGANIZATIONAL BEHAVIOR |
| 260 ## - PUBLICATION, DISTRIBUTION, ETC. | |
| Place of publication, distribution, etc. | NOIDA |
| Name of publisher, distributor, etc. | PEARSON INDIA |
| Date of publication, distribution, etc. | 2022 |
| 300 ## - PHYSICAL DESCRIPTION | |
| Extent | 796 |
| 942 ## - ADDED ENTRY ELEMENTS (KOHA) | |
| Source of classification or shelving scheme | |
| Koha item type | Text-Book- for 7 days |
| Edition | 18 EDITION |
| Withdrawn status | Lost status | Source of classification or shelving scheme | Damaged status | Not for loan | Home library | Current library | Date acquired | Cost, normal purchase price | Inventory number | Full call number | Barcode | Date last seen | Uniform Resource Identifier | Price effective from | Koha item type |
|---|---|---|---|---|---|---|---|---|---|---|---|---|---|---|---|
| IIMT University Central Library Meerut | IIMT University Central Library Meerut | 12/12/2022 | 1050.00 | HO/IN/130 | 658.4 ROB | 01-B-138634 | 12/12/2022 | MANAGEMENT | 12/06/2022 | Text-Book- for 7 days | |||||
| IIMT University Central Library Meerut | IIMT University Central Library Meerut | 12/12/2022 | 1050.00 | HO/IN/130 | 658.4 ROB | 01-B-138635 | 12/12/2022 | MANAGEMENT | 12/06/2022 | Text-Book- for 7 days | |||||
| IIMT University Central Library Meerut | IIMT University Central Library Meerut | 12/12/2022 | 1050.00 | HO/IN/130 | 658.4 ROB | 01-B-138636 | 12/12/2022 | MANAGEMENT | 12/06/2022 | Text-Book- for 7 days | |||||
| IIMT University Central Library Meerut | IIMT University Central Library Meerut | 12/12/2022 | 1050.00 | HO/IN/130 | 658.4 ROB | 01-B-138637 | 12/12/2022 | MANAGEMENT | 12/06/2022 | Text-Book- for 7 days | |||||
| IIMT University Central Library Meerut | IIMT University Central Library Meerut | 12/12/2022 | 1050.00 | HO/IN/130 | 658.4 ROB | 01-B-138638 | 12/12/2022 | MANAGEMENT | 12/06/2022 | Text-Book- for 7 days |

